000 00521nam a2200205 a 4500
001 BRCA_5718
005 20190320205206.0
008 030311s1921----gw-ao#####---#000-0#ger-#
041 _ager
044 _agw
050 4 _aTR145
_b.M47 1921
245 1 0 _aMerkbuch für Amateurphotographen
_cM. Münnich.
260 _aStuttgart
_bWilhelm Violet
_c1921
300 _a82 p.
_bil.
_c19 cm.
500 _aH38
650 1 4 _aFotografía
_zStuttgart
_914514
700 1 _aMünnich, M.
_914515
902 _aGFM
942 _2lcc
_cB
999 _c5408
_d5408